Aridos: áridos naturales y de machaqueo para la construcción
Bewaard in:
| Hoofdauteur: | |
|---|---|
| Formaat: | Boek |
| Taal: | Spaans |
| Gepubliceerd in: |
Madrid
Colegio Oficial de Geólogos de España
1994
|
| Onderwerpen: | |
| Tags: |
Voeg label toe
Geen labels, Wees de eerste die dit record labelt!
|
MARC
| LEADER | 00000nam a2200000 a 4500 | ||
|---|---|---|---|
| 001 | UCN7638 | ||
| 003 | CL-VaPUC | ||
| 008 | 011018e19940000SP |||||||||||||||||spa|d | ||
| 082 | 0 | 4 | |a 624.15 |b SUA |2 21 |
| 100 | 0 | |a Suárez, L |e author |9 463641 | |
| 245 | 1 | 0 | |a Aridos: áridos naturales y de machaqueo para la construcción |
| 300 | |a 435 p | ||
| 942 | |c BK | ||
| 945 | |d 20011018 00:00:00 |a vberengu | ||
| 260 | |a Madrid |b Colegio Oficial de Geólogos de España |c 1994 | ||
| 650 | 0 | |a Materiales de construcción |9 260197 | |
| 650 | 0 | |a Rocas |9 266105 | |
| 650 | 7 | |a ROCAS IGNEAS |2 CL-VaPUC |9 357477 | |
| 650 | 7 | |a ROCAS SEDIMENTARIAS |2 CL-VaPUC |9 261673 | |
| 650 | 7 | |a ROCAS METAMORFICAS |2 CL-VaPUC |9 262681 | |
| 583 | |a last modification |c 20011018 00:00:00 |k Rodrigo Vera | ||
| 999 | |c 297879 |d 297877 | ||
| 952 | |0 0 |1 0 |4 0 |6 624_150000000000000_SUA_1994 |7 0 |8 A |9 352917 |a BIBING |b BIBING |d 2019-11-21 |i 3763951 |o 624.15 SUA 1994 |p 3763951 |r 2025-01-20 |w 2019-11-21 |y BK |k CCL | ||